000
00268nam a22001217a 4500
008
181030b xxu||||| |||| 00| 0 eng d
041
_a
eng
080
_a
338.5
100
_a
57
101
_a
QMI
245
_a
Price Critical Enviroments
_c
Gary .p
942
_2
udc
_c
BK
999
_c
51180
_d
51180